[Event "AUTO-INT-2927"]
[Site "http://www.queenalice.com/game.php?id=1324149"]
[Date "2014.11.25"]
[Round "1"]
[White "AlexanderSantos"]
[Black "kpfingaz"]
[Result "0-1"]
[WhiteElo "1542"]
[BlackElo "1560"]

1. e4 e6 2. d4 c5 3. Nf3 Nc6 4. d5 Nce7 5. d6 Nc6 6. e5 Qb6 7. Nc3 a6 8. Be3
Qxb2 9. Na4 Qb4+ 10. c3 Qa5 11. Bxc5 b5 12. Bb6 Qxa4 13. Qxa4 bxa4 14. Bd3 h6
15. Be4 Bb7 16. O-O g6 17. Nh4 Nxe5 18. f4 Nc4 19. Bxb7 Rb8 20. Bxa6 Nxb6 21.
Rab1 Bxd6 22. g3 Bc5+ 23. Kg2 Nf6 24. Bd3 Ng4 25. Rf3 g5 26. fxg5 hxg5 27. h3
Ne5 28. Rf6 gxh4 29. g4 Nxd3 30. Rbf1 Rh7 31. g5 Rg7 32. Rh6 Rxg5+ 33. Kf3 Rg3+
34. Ke2 Re3+ 35. Kd1 Nc4 36. Rh8+ Bf8 0-1

[Event "AUTO-BEG-602"]
[Site "http://www.queenalice.com/game.php?id=1333605"]
[Date "2015.1.8"]
[Round "2"]
[White "AlexanderSantos"]
[Black "Pancatov"]
[Result "0-1"]
[WhiteElo "1512"]
[BlackElo "2034"]

1. e4 c6 2. d4 d5 3. exd5 cxd5 4. Bb5+ Nc6 5. Nf3 Nf6 6. Nc3 Bg4 7. O-O e6 8.
Bg5 Bd6 9. h3 Bxf3 10. Qxf3 Rc8 11. Bxc6+ Rxc6 12. Bxf6 gxf6 13. Rfe1 Kd7 14.
Nb5 Bb8 15. c4 Rxc4 16. b3 Rc8 17. Qg4 a6 18. Na3 Qa5 19. Qg7 Qxa3 20. Qxf7+ Qe7
21. Qxe7+ Kxe7 22. f4 Bxf4 23. a4 Rc3 24. Rab1 Rhc8 25. Kf2 Bg3+ 0-1

[Event "AUTO-BEG-602"]
[Site "http://www.queenalice.com/game.php?id=1333606"]
[Date "2015.1.8"]
[Round "2"]
[White "Pancatov"]
[Black "AlexanderSantos"]
[Result "0-1"]
[WhiteElo "2007"]
[BlackElo "1510"]

1. f4 d5 2. Nf3 Nc6 3. e3 Bg4 4. Bb5 Nf6 5. Bxc6+ bxc6 6. O-O e6 7. b3 Bd6 8.
Bb2 O-O 9. d3 Qe8 10. Qe1 Bxf3 11. Rxf3 e5 12. fxe5 Bxe5 13. Bxe5 Qxe5 14. Nd2
Ng4 15. Qg3 Qxg3 16. Rxg3 f5 17. e4 dxe4 18. dxe4 Ne5 19. exf5 Rxf5 20. Rf1
Rxf1+ 21. Kxf1 Rf8+ 22. Ke2 Re8 23. Re3 Kf7 24. Nf3 Nxf3 25. Kxf3 Rd8 26. h4 Rd2
27. Re2 Rd6 28. g4 h6 29. Re4 Kf6 30. Ra4 Rd2 31. Rc4 Rd6 32. Ra4 Rd2 0-1

[Event "AUTO-INT-3015"]
[Site "http://www.queenalice.com/game.php?id=1367156"]
[Date "2015.6.23"]
[Round "1"]
[White "AlexanderSantos"]
[Black "pssservicos"]
[Result "1-0"]
[WhiteElo "1558"]
[BlackElo "1633"]

1. e4 e5 2. Nf3 Nc6 3. Bb5 Nd4 4. Nxd4 exd4 5. d3 c6 6. Bc4 Bc5 7. Qf3 Nf6 8.
Bg5 O-O 9. O-O h6 10. Bxf6 Qxf6 11. Qxf6 gxf6 12. Nd2 b5 13. Bb3 d6 14. f4 f5
15. e5 dxe5 16. fxe5 Bb4 17. Nf3 a5 18. a3 Be7 19. Nxd4 a4 20. Ba2 Bd7 21. Kh1
c5 22. Nxf5 Bxf5 23. Rxf5 Kg7 24. Raf1 Rae8 25. R1f3 f6 26. e6 b4 27. axb4 cxb4
28. Bc4 a3 29. bxa3 bxa3 30. g4 Ra8 31. h4 a2 32. Bxa2 Rxa2 33. Rf2 Ra1+ 34. Kg2
Re1 35. d4 Rxe6 36. d5 Re4 37. Kf3 1-0

[Event "AUTO-INT-3015"]
[Site "http://www.queenalice.com/game.php?id=1367157"]
[Date "2015.6.23"]
[Round "1"]
[White "pssservicos"]
[Black "AlexanderSantos"]
[Result "0-1"]
[WhiteElo "1690"]
[BlackElo "1531"]

1. e4 c5 2. Bc4 e6 3. e5 a6 4. Nf3 g6 5. d3 Bg7 6. O-O b5 7. Bb3 Nc6 8. Ng5 Nxe5
9. c4 Bh6 10. Ne4 Bxc1 11. Qxc1 Qh4 12. cxb5 Ke7 13. g3 Qh5 14. Nxc5 Qh3 15.
bxa6 Nf3+ 16. Kh1 Qxh2# 0-1

[Event "AUTO-INT-3015"]
[Site "http://www.queenalice.com/game.php?id=1367159"]
[Date "2015.6.23"]
[Round "1"]
[White "Narizinho"]
[Black "AlexanderSantos"]
[Result "0-1"]
[WhiteElo "1271"]
[BlackElo "1553"]

1. d4 d5 2. Nc3 Nf6 3. Nf3 Nc6 4. Bg5 g6 5. e3 Bg7 6. Bb5 O-O 7. O-O Bf5 8. a3
a6 9. Bd3 Bxd3 10. cxd3 Qd6 11. e4 e5 12. dxe5 Nxe5 13. Ne2 dxe4 14. dxe4 Nxe4
15. Nxe5 Qxe5 16. b4 Nxg5 17. Rc1 Rad8 18. a4 Rxd1 19. Rcxd1 Qxe2 20. b5 axb5
21. axb5 Qxb5 22. Rb1 Qd5 23. Rbc1 Be5 0-1

[Event "AUTO-INT-3015"]
[Site "http://www.queenalice.com/game.php?id=1367161"]
[Date "2015.6.23"]
[Round "1"]
[White "Kuroi"]
[Black "AlexanderSantos"]
[Result "0-1"]
[WhiteElo "1588"]
[BlackElo "1594"]

1. e4 c5 2. Nc3 a6 3. Nf3 Nc6 4. g3 e6 5. Bg2 d6 6. O-O Nf6 7. d3 Be7 8. Bg5 O-O
9. b3 b5 10. a4 b4 0-1

[Event "AUTO-INT-3015"]
[Site "http://www.queenalice.com/game.php?id=1393177"]
[Date "2015.11.9"]
[Round "2"]
[White "renatomfelipe"]
[Black "AlexanderSantos"]
[Result "1/2-1/2"]
[WhiteElo "1881"]
[BlackElo "1692"]

1. e4 c5 2. Nc3 e6 3. Nf3 a6 4. a3 Nc6 5. d3 d6 6. h3 g6 7. Bd2 Bg7 8. Rb1 Nf6
9. Be2 O-O 10. Bg5 b5 11. h4 Qd7 12. Qd2 Ng4 13. Ng1 Nce5 14. Bxg4 Nxg4 15. f3
Ne5 16. Bh6 Bxh6 17. Qxh6 Bb7 18. Nh3 f6 19. Qe3 Nf7 20. g4 Qd8 21. b4 Qc7 22.
O-O d5 23. exd5 Qg3+ 24. Kh1 Qxh3+ 25. Kg1 Qg3+ 26. Kh1 Qh3+ 1/2-1/2

[Event "AUTO-ADV-3637"]
[Site "http://www.queenalice.com/game.php?id=1422842"]
[Date "2016.5.13"]
[Round "1"]
[White "AlexanderSantos"]
[Black "BobbySponja"]
[Result "0-1"]
[WhiteElo "1687"]
[BlackElo "1783"]

1. e4 e5 2. Nf3 d6 3. d4 Qe7 4. Nc3 Bg4 5. dxe5 Bxf3 6. Qxf3 Qxe5 7. Bc4 Nf6 8.
Bf4 Qh5 9. Qxh5 Nxh5 10. Nd5 Kd7 11. Bg3 Nxg3 12. fxg3 Nc6 13. Rf1 f6 14. O-O-O
Ne5 15. Bb3 c6 16. Nf4 a5 17. Ne6 h5 18. Nc5+ Kc7 19. Ne6+ Kb6 20. h3 Ka7 21.
Nxf8 Rhxf8 22. Rxd6 Rad8 23. Rxd8 Rxd8 24. c3 Rd3 25. g4 hxg4 26. hxg4 Nxg4 27.
Rf3 Rxf3 28. gxf3 Ne5 29. Bd1 Nd3+ 30. Kc2 Ne5 31. f4 Nd7 32. Kd2 Kb6 33. Kd3
Kc5 34. a3 b5 35. b4+ axb4 36. axb4+ Kd6 0-1

[Event "AUTO-ADV-3637"]
[Site "http://www.queenalice.com/game.php?id=1422843"]
[Date "2016.5.13"]
[Round "1"]
[White "BobbySponja"]
[Black "AlexanderSantos"]
[Result "1-0"]
[WhiteElo "1815"]
[BlackElo "1664"]

1. d4 e6 2. e4 Nc6 3. c4 d5 4. cxd5 exd5 5. e5 Nge7 6. Nc3 g6 7. f4 Bg7 8. Nf3
O-O 9. Be2 Be6 10. Be3 Nf5 11. Bf2 a6 12. O-O b5 13. a3 Na5 14. Rb1 c6 15. b4
Nb7 16. Re1 a5 17. Ng5 Qd7 18. Nxe6 fxe6 19. Qc1 axb4 20. axb4 Rac8 21. Bd3 Rf7
22. Bxf5 Rxf5 23. h3 Rcf8 24. Be3 Bh6 25. Rf1 g5 26. g4 R5f7 27. Ne2 Qd8 28.
Qxc6 gxf4 29. Qxe6 Qd7 30. Qxh6 fxe3 31. Rxf7 Qxf7 32. Qxe3 Nd8 33. Ng3 Ne6 34.
Nf5 Qg6 35. Ne7+ 1-0

[Event "AUTO-ADV-3637"]
[Site "http://www.queenalice.com/game.php?id=1422844"]
[Date "2016.5.13"]
[Round "1"]
[White "AlexanderSantos"]
[Black "Nias"]
[Result "0-1"]
[WhiteElo "1654"]
[BlackElo "1712"]

1. e4 d5 2. exd5 Qxd5 3. Nc3 Qd6 4. d4 a6 5. Nf3 f6 6. Bd3 Bg4 7. O-O Bxf3 8.
Qxf3 Nc6 9. d5 Ne5 10. Qh5+ g6 11. Qh3 f5 12. Bf4 Bg7 13. Qe3 h6 0-1

[Event "AUTO-ADV-3637"]
[Site "http://www.queenalice.com/game.php?id=1422845"]
[Date "2016.5.13"]
[Round "1"]
[White "Nias"]
[Black "AlexanderSantos"]
[Result "1-0"]
[WhiteElo "1726"]
[BlackElo "1640"]

1. d4 Nf6 2. f3 g6 3. Bg5 Bg7 4. Bxf6 Bxf6 5. e3 d5 6. Nc3 O-O 7. g4 Bh4+ 8. Ke2
b6 9. b4 Nc6 10. b5 Nb8 11. h3 e6 12. f4 Be7 13. g5 1-0

[Event "AUTO-ADV-3637"]
[Site "http://www.queenalice.com/game.php?id=1422846"]
[Date "2016.5.13"]
[Round "1"]
[White "AlexanderSantos"]
[Black "peonaislado"]
[Result "0-1"]
[WhiteElo "1700"]
[BlackElo "1779"]

1. e4 c5 2. Nf3 d6 3. c3 Nc6 4. d4 cxd4 5. cxd4 e5 6. Bc4 Nf6 7. Nc3 exd4 8.
Nxd4 a6 9. Nxc6 bxc6 10. O-O Be6 11. Bxe6 fxe6 12. Bg5 Be7 13. Qa4 Qd7 14. Rad1
O-O 15. e5 Nd5 16. Nxd5 exd5 17. Bxe7 Qxe7 18. Qxc6 Qxe5 19. Rfe1 Qf5 20. f3 Qf6
21. Rxd5 Qxb2 22. Rxd6 Qxa2 23. Rde6 Qd2 24. Re8 Qd4+ 25. Kh1 Raxe8 0-1

[Event "AUTO-ADV-3637"]
[Site "http://www.queenalice.com/game.php?id=1422847"]
[Date "2016.5.13"]
[Round "1"]
[White "peonaislado"]
[Black "AlexanderSantos"]
[Result "1-0"]
[WhiteElo "1792"]
[BlackElo "1675"]

1. d4 e6 2. c4 b6 3. Nf3 Bb7 4. Nc3 Bb4 5. Bd2 Nf6 6. e4 Nc6 7. g3 d5 8. e5 Ne4
9. Nxe4 dxe4 10. Bxb4 Nxb4 11. Qa4+ Nc6 12. d5 exd5 13. cxd5 Qxd5 14. Bc4 Qa5+
15. Qxa5 Nxa5 16. Bb5+ Ke7 17. Nd4 Rad8 18. Rd1 e3 19. Rf1 Rd5 20. fxe3 Rxe5 21.
Ne2 Rxe3 22. Kd2 Re5 23. Nc3 Rd8+ 24. Kc2 Rxd1 25. Rxd1 Bc8 26. b4 Nb7 27. a3
Nd6 28. Ba4 a6 29. Nd5+ Kf8 30. Nxc7 1-0